Traite d'etudes byzantines. II : les papyrus /

محفوظ في:

المؤلف الرئيسي: Bataille, A. (مؤلف)

التنسيق: كتاب

اللغة: French

منشور في: Paris : [Presses universitaires de France], 1955.

سلاسل: Bibliotheque byzantine ; 2.

الموضوعات:

الوسوم: إضافة وسم

لا توجد وسوم, كن أول من يضع وسما على هذه التسجيلة!

رقم الطلب: DF505 .L55 v.2

LEADER 00811namaa2200265 4500
001 22203
003 OSt
005 20260106080741.0
008 130303s1955 fr f 000 0 fre d
040 |c ARCE Library 
043 |a mm----- 
050 4 |a DF505 .L55 v.2 
100 1 |a Bataille, A.,   |q (André),   |e author  |9 26372 
245 1 4 |a Traite d'etudes byzantines. II :   |b les papyrus /   |c par André Bataille. 
264 1 |a Paris :  |b [Presses universitaires de France],  |c 1955. 
300 |a 95 pages :   |b xiv plates ;   |c 29 cm. 
490 1 |a Bibliotheque byzantine ;  |v 2. 
555 |a Sara.lib 
650 0 |a Manuscripts, Greek (Papyri) 
650 0 |a Paleography. 
651 0 |a Byzantine Empire  |x History  |v Sources. 
830 0 |a Bibliotheque byzantine ;   |v 2. 
901 |a reviewed 
942 |c BK  |2 lcc 
999 |c 20802  |d 20802